La elección de carrera y el plan de vida de los alumnos de primer ingreso a la licenciatura de trabajo social / (Record no. 90725)
[ view plain ]
| 000 -CABECERA | |
|---|---|
| campo de control de longitud fija | 00758nam a2200193 a 4500 |
| 005 - FECHA Y HORA DE LA ÚLTIMA TRANSACCIÓN | |
| campo de control | 20210223124650.0 |
| 008 - ELEMENTOS DE LONGITUD FIJA--INFORMACIÓN GENERAL | |
| campo de control de longitud fija | 020819s1989 mx r 000 0 spa d |
| 035 ## - NÚMERO DE CONTROL DEL SISTEMA | |
| Número de control de sistema | UPN01000118350 |
| 049 ## - COLECCIÓN | |
| Colección | CG |
| 050 #4 - SIGNATURA TOPOGRÁFICA DE LA BIBLIOTECA DEL CONGRESO | |
| Número de clasificación | HN29 |
| Número de documento/Ítem | M4.3 |
| 100 1# - ASIENTO PRINCIPAL--NOMBRE PERSONAL | |
| Nombre de persona | Merino Gamino, Maria del Carmen. |
| 245 13 - MENCIÓN DE TÍTULO | |
| Título | La elección de carrera y el plan de vida de los alumnos de primer ingreso a la licenciatura de trabajo social / |
| Mención de responsabilidad, etc. | María del Carmen Merino Gamiño con la colab. de Bruna López Tapia. |
| 260 ## - PUBLICACIÓN, DISTRIBUCIÓN, ETC. | |
| Lugar de publicación, distribución, etc. | México : |
| Nombre del editor, distribuidor, etc. | UNAM, Centro de Investigaciones y Servicios Educativos, |
| Fecha de publicación, distribución, etc. | 1989. |
| 300 ## - DESCRIPCIÓN FÍSICA | |
| Extensión | 116 p. : |
| Otras características físicas | gráfs., |
| Material acompañante/anejo | cuadros. |
| 440 #0 - MENCIÓN DE SERIE/ASIENTO SECUNDARIO--TÍTULO | |
| Título | Serie sobre la universidad ; |
| Designación de volumen o secuencia | 14 |
| 650 #4 - ASIENTO SECUNDARIO DE MATERIA - TERMINO TEMATICO | |
| Término de materia o nombre geográfico como elemento de entrada | TRABAJADORES SOCIALES |
| 9 (RLIN) | 6494 |
| 700 1# - ASIENTO SECUNDARIO--NOMBRE DE PERSONAL | |
| Nombre de persona | López Tapia, Bruna, |
| Término indicativo de función/relación | colab. |
| 905 ## - TIPO DE MATERIAL | |
| Tipo de material | Libro |
| Estado de retiro | Estado de pérdida | Fuente del sistema de clasificación o colocación | Estado dañado | No para préstamo | Código de colección | Localización permanente | Ubicación/localización actual | Ubicación en estantería | Total de préstamos | Clasificación | Código de barras | Fecha visto por última vez | Número de copia | Tipo de ítem Koha |
|---|---|---|---|---|---|---|---|---|---|---|---|---|---|---|
| Library of Congress Classification | Colección General | Bib. Gregorio Torres Quintero | Bib. Gregorio Torres Quintero | Planta baja | 39 | HN29 M4.3 | 129847 | 31/12/2020 | 1 | Libro | ||||
| Library of Congress Classification | Colección General | Bib. Gregorio Torres Quintero | Bib. Gregorio Torres Quintero | Planta baja | HN29 M4.3 | 129846 | 31/12/2020 | 1 | Libro |
